000 00826nam a2200241 i 4500
001 34018
003 ES-MaACL
005 20230906154848.0
007 t|
008 030204s1976 fr ||||1| fre d
100 1 _aBoehm, Rudolf.
_929734
245 1 3 _aLa méthaphysique d'Aristote
_b: le fondamental et l'essential /
_cRudolf Boehm ; traduit de l'allemand et préssenté par Emmanuel Martineu ; avec une note de Jean-François Courtine.
260 _aParís :
_bGallimard,
_c[1976]
300 _a380 p. ;
_c23 cm.
490 1 _aBibliothèque de philosophie
500 _aIndice.
504 _aBibliografía.
700 1 _aMartineu, Emmanuel.
_977708
700 1 _aCourtine, Jean-François.
_941287
830 0 _aBibliothèque de philosophie
_9181442
852 _aES-MaACL
_jL-12314
_bR.115503
999 _c34018
_d34018